000 00954nam a2200253 4500
005 20160627173204.0
008 160627s2001 ck ad|||r|||| 00| 0 spa d
020 _a9589707327
040 _aCO-BoIAVH
_cCO-BoIAVH
041 0 _aspa
044 _ack
082 0 4 _a333.7
_bS68p
100 1 _aSolarte, Antonio José
_eautor
245 1 0 _aProyecto pacífico :
_bfase I /
_cAntonio José Solarte y Julio Andrés Ospina Giraldo
260 _aBogotá :
_bUAESPNN,
_bMinisterio del Medio Ambiente,
_c2001.
300 _a159 páginas :
_bilustraciones a color y tablas ;
_c24 x 19 cm.
504 _aIncluye referencias bibliográficas.
650 1 6 _aParques nacionales naturales
_zColombia
650 2 6 _aParques nacionales naturales
_xConservación
_zColombia
650 2 6 _aOrdenación territorial
650 2 6 _aParticipación social
700 1 _aOspina Giraldo, Julio Andrés
_eautor
942 _2ddc
_cLIBRO
999 _c18841
_d18841